| 000 | 00423nam a2200181Ia 4500 | ||
|---|---|---|---|
| 001 | 23099 | ||
| 005 | 20260414150915.0 | ||
| 008 | 260414t2021||||xx |||||||||||||| ||spa|| | ||
| 041 | _aESP | ||
| 082 |
_a624.1834 _bN48P |
||
| 100 |
_aNeville, A. M., _eAUT |
||
| 245 | 0 |
_aProperties of concrete _b |
|
| 260 | _c2021 | ||
| 300 |
_axx, 846 páginas : _c24 cm. |
||
| 650 | _a0 | ||
| 654 | _aCIC | ||
| 942 |
_cLIB _dJUS _fJUS _2ddc _n |
||
| 999 |
_c23099 _d23099 |
||